Leadership online

Práca v online prostredí ako jedna z kľúčových výziev pre lídrov. Spôsoby, ako riadiť tímy virtuálne a kvalitne. Problémy online komunikácie.

Saved in:
Bibliographic Details
Main Author: Suchá, Janette
Format: Book Chapter
Language:Slovak
Subjects:
Tags: Add Tag
No Tags, Be the first to tag this record!

MARC

LEADER 00000naa a2200000 4500
001 0276471
005 20210617135700.0
041 0 |a slo 
044 |a SK 
245 1 0 |a Leadership online  |c Janette Suchá 
520 |a Práca v online prostredí ako jedna z kľúčových výziev pre lídrov. Spôsoby, ako riadiť tímy virtuálne a kvalitne. Problémy online komunikácie. 
610 2 0 |a lídri 
610 2 0 |a komunikácia elektronická 
610 2 0 |a riadenie ľudských zdrojov 
610 2 0 |a prostredie virtuálne 
100 1 |a Suchá, Janette